[Event "EU-ch Blitz"]
[Site "Zagreb"]
[Date "2023.12.16"]
[Round "10"]
[White "Tomazini, Zan"]
[Black "Stefansson, Hannes"]
[Result "0-1"]
[WhiteElo "2318"]
[BlackElo "2498"]
[PlyCount "84"]
[EventDate "2023.12.16"]
[EventType "swiss (blitz)"]
[EventRounds "13"]
[EventCountry "CRO"]
[SourceTitle "CB51_2023"]
[SourceDate "2023.12.20"]
[SourceVersion "1"]
[SourceVersionDate "2023.12.20"]
[SourceQuality "1"]

1. e4 e5 2. Nf3 Nc6 3. d4 exd4 4. Nxd4 Nf6 5. Nxc6 bxc6 6. e5 Qe7 7. Qe2 Nd5 8. Nd2 g6 9. c4 Nf4 10. Qe4 Ne6 11. f4 f6 12. Nf3 fxe5 13. fxe5 Qb4+ 14. Kd1 Bb7 15. Qc2 c5 16. Bd2 Qb6 17. Bc3 0-0-0 18. Bd3 Bg7 19. Kc1 d6 20. Re1 Nf4 21. Be4 dxe5 22. Kb1 Rhe8 23. a4 Bxe4 24. Rxe4 Nd3 25. a5 Qc6 26. Qe2 Nf4 27. Qc2 a6 28. Ra3 Qd6 29. Re1 Bf6 30. Qa4 Nd3 31. Rd1 e4 32. Ne1 Bxc3 33. Rxc3 Qe6 34. Nxd3 exd3 35. Rcxd3 Rxd3 36. Rxd3 Qe4 37. Ka2 Re7 38. Rb3 Qxg2 39. h3 Re1 40. Qa3 Qh1 41. Rd3 Ra1+ 42. Kb3 Rxa3+ 0-1

[Event "Novi Sad Serbia op-A"]
[Site "Novi Sad"]
[Date "2022.07.04"]
[Round "7"]
[White "Tomazini, Zan"]
[Black "Makhnev, Denis"]
[Result "0-1"]
[WhiteElo "2361"]
[BlackElo "2505"]
[PlyCount "114"]
[EventDate "2022.06.28"]
[EventType "swiss"]
[EventRounds "9"]
[EventCountry "SRB"]
[SourceTitle "EXT 2023"]
[Source "ChessBase"]
[SourceDate "2022.10.05"]
[SourceVersion "1"]
[SourceVersionDate "2022.10.05"]
[SourceQuality "1"]

1. e4 e5 2. Nf3 Nc6 3. Bc4 Bc5 4. d3 Nf6 5. Bb3 0-0 6. h3 a5 7. c3 d5 8. exd5 Nxd5 9. 0-0 Nb6 10. Nxe5 Nxe5 11. d4 Bxd4 12. cxd4 Nec4 13. Nc3 Be6 14. Re1 c6 15. Bc2 Re8 16. b3 Nd6 17. Bf4 Nd5 18. Nxd5 Bxd5 19. Re5 f6 20. Rxe8+ Nxe8 21. Qd3 g6 22. Re1 Ng7 23. Qe3 Ne6 24. Bg3 Qd7 25. h4 Re8 26. Qd2 b6 27. h5 Kg7 28. Re3 Ng5 29. hxg6 Rxe3 30. Qxe3 hxg6 31. f3 Qd8 32. Qf4 Ne6 33. Qg4 Qe8 34. Bh4 b5 35. Bf2 b4 36. f4 Nc7 37. f5 g5 38. Bd3 Nb5 39. Bxb5 cxb5 40. Qg3 Qe7 41. Qb8 a4 42. Qxb5 Qe4 43. Qf1 axb3 44. axb3 Bxb3 45. Qe1 Qb7 46. d5 Bxd5 47. Bd4 b3 48. Qe3 Kf7 49. Qe2 Qc6 50. Qh5+ Ke7 51. Qe2+ Kf8 52. Qb2 Kf7 53. Qa3 Qd7 54. g4 Qc7 55. Bf2 Qf4 56. Qa7+ Kg8 57. Qd4 Qc1+ 0-1

[Event "EU-ch 22nd"]
[Site "Terme Catez"]
[Date "2022.04.05"]
[Round "10"]
[White "Tomazini, Zan"]
[Black "Ruzic, Pia Marie"]
[Result "1-0"]
[WhiteElo "2376"]
[BlackElo "2072"]
[PlyCount "41"]
[EventDate "2022.03.27"]
[EventType "swiss"]
[EventRounds "11"]
[EventCountry "SLO"]
[SourceTitle "CBM 208"]
[Source "ChessBase"]
[SourceDate "2022.06.30"]
[SourceVersion "1"]
[SourceVersionDate "2022.06.30"]
[SourceQuality "1"]

1. e4 e6 2. d4 d5 3. Nd2 c5 4. Ngf3 Nc6 5. c3 Nf6 6. e5 Nd7 7. Bd3 Qb6 8. 0-0 Be7 9. Re1 cxd4 10. cxd4 f6 11. exf6 Nxf6 12. Nb3 0-0 13. Bg5 a5 14. Rc1 a4 15. Nc5 Nxd4 16. Bxh7+ Kxh7 17. Qxd4 Qd6 18. Qh4+ Kg8 19. Ne5 Ra5 20. Ncd3 d4 21. Ng6 1-0

[Event "EU-ch 22nd"]
[Site "Terme Catez"]
[Date "2022.04.03"]
[Round "8"]
[White "Wecker, Martin"]
[Black "Tomazini, Zan"]
[Result "0-1"]
[WhiteElo "2180"]
[BlackElo "2376"]
[PlyCount "46"]
[EventDate "2022.03.27"]
[EventType "swiss"]
[EventRounds "11"]
[EventCountry "SLO"]
[SourceTitle "CBM 208"]
[Source "ChessBase"]
[SourceDate "2022.06.30"]
[SourceVersion "1"]
[SourceVersionDate "2022.06.30"]
[SourceQuality "1"]

1. Nf3 g6 2. c4 Bg7 3. d4 Nf6 4. g3 c5 5. Bg2 cxd4 6. Nxd4 Nc6 7. Nc3 0-0 8. 0-0 Nxd4 9. Qxd4 d6 10. Qd3 Qa5 11. Nd5 Nxd5 12. cxd5 Bd7 13. Bd2 Qb5 14. Qxb5 Bxb5 15. Rac1 Rac8 16. Rfe1 Ba6 17. b3 Bb2 18. Rb1 Rc2 19. Bh6 Bg7 20. Be3 Rxa2 21. Bxa7 Bxe2 22. Be3 Bc3 23. Bh6 Bxe1 0-1

[Event "EU-ch 22nd"]
[Site "Terme Catez"]
[Date "2022.03.30"]
[Round "4"]
[White "Tomazini, Zan"]
[Black "Herega, Nejc"]
[Result "1-0"]
[WhiteElo "2376"]
[BlackElo "2185"]
[PlyCount "57"]
[EventDate "2022.03.27"]
[EventType "swiss"]
[EventRounds "11"]
[EventCountry "SLO"]
[SourceTitle "CBM 208"]
[Source "ChessBase"]
[SourceDate "2022.06.30"]
[SourceVersion "1"]
[SourceVersionDate "2022.06.30"]
[SourceQuality "1"]

1. e4 c5 2. c3 d5 3. exd5 Qxd5 4. d4 Nc6 5. Nf3 Bf5 6. Be2 cxd4 7. cxd4 Bxb1 8. Rxb1 e6 9. 0-0 Nf6 10. b4 Bxb4 11. Ne5 Qxa2 12. Be3 Qa5 13. Bf3 Nd5 14. Bxd5 exd5 15. Qg4 0-0 16. Bh6 g6 17. Bxf8 Rxf8 18. Rb3 Bc3 19. Nd7 Nxd4 20. Rxb7 Qa6 21. Rfb1 Re8 22. h3 Ne2+ 23. Kh1 Qd3 24. Qa4 Rd8 25. Qc6 Nf4 26. Nf6+ Kg7 27. Rxf7+ Kxf7 28. Rb7+ Kf8 29. Qc5+ 1-0

[Event "EU-ch 22nd"]
[Site "Terme Catez"]
[Date "2022.03.28"]
[Round "2"]
[White "Tomazini, Zan"]
[Black "Roebers, Jan"]
[Result "1-0"]
[WhiteElo "2376"]
[BlackElo "2156"]
[PlyCount "113"]
[EventDate "2022.03.27"]
[EventType "swiss"]
[EventRounds "11"]
[EventCountry "SLO"]
[SourceTitle "CBM 208"]
[Source "ChessBase"]
[SourceDate "2022.06.30"]
[SourceVersion "1"]
[SourceVersionDate "2022.06.30"]
[SourceQuality "1"]

1. e4 e5 2. Nf3 Nc6 3. d4 exd4 4. Nxd4 Nf6 5. Nxc6 bxc6 6. e5 Qe7 7. Qe2 Nd5 8. Nd2 g6 9. c4 Nf4 10. Qe4 Ne6 11. b3 Bb7 12. Bb2 Bg7 13. f4 0-0-0 14. Qe3 Qc5 15. Qxc5 Nxc5 16. 0-0-0 Ne6 17. g3 c5 18. Rg1 Nd4 19. Bd3 d6 20. Bxd4 cxd4 21. exd6 Rxd6 22. Be4 Ba6 23. Rge1 Kd8 24. Bg2 Re8 25. Rxe8+ Kxe8 26. Ne4 Rb6 27. Nc5 Bc8 28. Re1+ Kd8 29. Bd5 Bf8 30. Nd3 Ba3+ 31. Kd2 f6 32. c5 Rb8 33. c6 Be7 34. Re4 Ke8 35. Rxd4 a5 36. Ra4 Bb4+ 37. Nxb4 axb4 38. Kd3 Ke7 39. Kc4 Kd6 40. a3 bxa3 41. Rxa3 Bh3 42. Ra1 Be6 43. Bxe6 Kxe6 44. b4 Rd8 45. Re1+ Kf7 46. Re4 Rd2 47. Rd4 Rxh2 48. Rd7+ Ke6 49. Rxc7 Kd6 50. Rc8 Rh5 51. b5 Rh1 52. Rd8+ Kc7 53. Rd7+ Kb6 54. Rb7+ Ka5 55. c7 h5 56. Ra7+ Kb6 57. c8N# 1-0

[Event "SLO-chT NML 31st"]
[Site "Ptuj/Grosuplje"]
[Date "2021.10.17"]
[Round "6.1"]
[White "Tomazini, Zan"]
[Black "Kantor, Gergely"]
[Result "0-1"]
[WhiteElo "2393"]
[BlackElo "2558"]
[PlyCount "94"]
[EventDate "2021.10.08"]
[EventType "team-tourn"]
[EventRounds "9"]
[EventCountry "SLO"]
[SourceTitle "EXT 2023"]
[Source "ChessBase"]
[SourceDate "2022.10.05"]
[SourceVersion "1"]
[SourceVersionDate "2022.10.05"]
[SourceQuality "1"]
[WhiteTeam "Slovenska Bistrica Impol"]
[BlackTeam "Pomgrad"]
[WhiteTeamCountry "SLO"]
[BlackTeamCountry "SLO"]

1. e4 e5 2. Nf3 Nc6 3. d4 exd4 4. Nxd4 Nf6 5. Nxc6 bxc6 6. e5 Qe7 7. Qe2 Nd5 8. Nd2 Nb4 9. Nf3 Ba6 10. c4 d5 11. a3 Bxc4 12. Qd1 Bxf1 13. Kxf1 Na6 14. Qa4 Nb8 15. Bg5 Qe6 16. Nd4 Qg6 17. Qb3 Qxg5 18. Qb7 Bc5 19. Qxa8 0-0 20. Nf3 Qf5 21. b4 Bb6 22. Kg1 Qc2 23. Rf1 Qa4 24. Qb7 Qb5 25. Nd4 Bxd4 26. Qxb5 cxb5 27. Rd1 Nc6 28. h4 Rd8 29. Rh3 Bxe5 30. Rhd3 Ne7 31. g3 h5 32. Kg2 c6 33. a4 a6 34. axb5 axb5 35. Ra3 d4 36. f4 Bf6 37. Kf3 Nd5 38. Rb3 Nc3 39. Rd2 Re8 40. Rd3 Ra8 41. Rd2 Ra1 42. Kg2 Kh7 43. Kf3 Kg6 44. Kg2 Kf5 45. Kf3 Re1 46. Rd3 Rh1 47. Kg2 Ra1 0-1

[Event "SLO-chT NML 31st"]
[Site "Ptuj/Grosuplje"]
[Date "2021.10.16"]
[Round "5.1"]
[White "Bosiocic, Marin"]
[Black "Tomazini, Zan"]
[Result "1-0"]
[WhiteElo "2573"]
[BlackElo "2393"]
[PlyCount "93"]
[EventDate "2021.10.08"]
[EventType "team-tourn"]
[EventRounds "9"]
[EventCountry "SLO"]
[SourceTitle "EXT 2023"]
[Source "ChessBase"]
[SourceDate "2022.10.05"]
[SourceVersion "1"]
[SourceVersionDate "2022.10.05"]
[SourceQuality "1"]
[WhiteTeam "Novo Mesto Krka"]
[BlackTeam "Slovenska Bistrica Impol"]
[WhiteTeamCountry "SLO"]
[BlackTeamCountry "SLO"]

1. d4 Nf6 2. c4 Nc6 3. Nc3 e5 4. d5 Ne7 5. h4 Neg8 6. Qd3 g6 7. g3 Bc5 8. e4 d6 9. Be3 Bxe3 10. Qxe3 Ng4 11. Qd2 f5 12. exf5 gxf5 13. f3 N4f6 14. 0-0-0 Qe7 15. Bd3 Qf7 16. Nh3 h6 17. c5 Bd7 18. Bb5 Bxb5 19. Nxb5 a6 20. Nc3 Ne7 21. g4 0-0-0 22. g5 Nd7 23. cxd6 cxd6 24. gxh6 Qf6 25. Ng5 Kb8 26. Kb1 Rc8 27. h7 Nb6 28. Qf2 Rc5 29. f4 e4 30. Ne6 Rxc3 31. Qxb6 Nc8 32. Qa5 Rg3 33. Qc7+ Ka7 34. Rdg1 Rg4 35. Rxg4 fxg4 36. Qc4 e3 37. Qe4 Nb6 38. Ng5 g3 39. Qxe3 Qf5+ 40. Ka1 Qxd5 41. Rg1 g2 42. a3 Rc8 43. Qf2 a5 44. Qxg2 Qb3 45. Qf2 Qc4 46. Rd1 d5 47. Nf7 1-0

[Event "Mitropa Cup Online"]
[Site "Tornelo INT"]
[Date "2021.05.11"]
[Round "8.3"]
[White "Tomazini, Zan"]
[Black "Morgunov, Marc"]
[Result "1/2-1/2"]
[WhiteElo "2406"]
[BlackElo "2385"]
[PlyCount "78"]
[EventDate "2021.05.04"]
[EventType "team-tourn"]
[EventRounds "9"]
[EventCountry "SUI"]
[SourceTitle "CBM 202 Extra"]
[Source "ChessBase"]
[SourceDate "2021.07.31"]
[SourceVersion "1"]
[SourceVersionDate "2021.07.31"]
[SourceQuality "1"]
[WhiteTeam "Slovenia"]
[BlackTeam "Austria"]
[WhiteTeamCountry "SLO"]
[BlackTeamCountry "AUT"]

1. e4 c5 2. c3 d5 3. exd5 Qxd5 4. d4 Nf6 5. Nf3 e6 6. a3 Nc6 7. Be3 Be7 8. Be2 0-0 9. 0-0 b6 10. dxc5 bxc5 11. b4 Bb7 12. Qa4 a6 13. Nbd2 Ng4 14. Bxc5 Bxc5 15. bxc5 Nf6 16. Rab1 Rab8 17. Bxa6 Bxa6 18. Qxa6 Qxc5 19. c4 Nd4 20. Nxd4 Qxd4 21. Nf3 Qc5 22. Qa4 Ra8 23. Qb4 Ne4 24. Qxc5 Nxc5 25. Rb5 Rfc8 26. Ra1 f6 27. Nd4 Ra4 28. Rb4 Rca8 29. Nc2 Nd3 30. Rxa4 Rxa4 31. Ne3 f5 32. g3 g5 33. Kg2 Kf7 34. Kf3 f4 35. gxf4 gxf4 36. Ng2 Rxc4 37. Ne1 Nxe1+ 38. Rxe1 Rc3+ 39. Kxf4 Rxa3 1/2-1/2

[Event "Bassano del Grappa GM Mix 2nd"]
[Site "Bassano del Grappa"]
[Date "2021.03.27"]
[Round "7"]
[White "Tomazini, Zan"]
[Black "Diermair, Andreas"]
[Result "0-1"]
[WhiteElo "2416"]
[BlackElo "2487"]
[PlyCount "88"]
[EventDate "2021.03.24"]
[EventType "swiss"]
[EventRounds "9"]
[EventCountry "ITA"]
[SourceTitle "CBM 201 Extra"]
[Source "ChessBase"]
[SourceDate "2021.05.31"]
[SourceVersion "1"]
[SourceVersionDate "2021.05.31"]
[SourceQuality "1"]

1. e4 e5 2. Nf3 Nc6 3. Bc4 Bc5 4. d3 Nf6 5. Bb3 0-0 6. h3 a5 7. a4 d5 8. exd5 Nxd5 9. 0-0 Nd4 10. Nxd4 Bxd4 11. Nd2 Ra6 12. Qf3 Ne7 13. Ne4 Be6 14. Ra3 Rc6 15. Bxe6 Rxe6 16. Rb3 Bb6 17. Be3 f5 18. Ng5 Rg6 19. Bxb6 cxb6 20. Qh5 h6 21. Nf3 Qe8 22. Kh1 Nd5 23. Nh4 Nf4 24. Qf3 Rc6 25. d4 g5 26. dxe5 Qxe5 27. Rb5 Qe6 28. g3 Ne2 29. Nxf5 Nd4 30. Nxh6+ Qxh6 31. Qd5+ Ne6 32. Kg2 Qf6 33. c3 Rf7 34. Qe4 Rd6 35. Qe3 Nc5 36. b4 Re6 37. Qd4 Qf3+ 38. Kg1 Ne4 39. Rd5 Kh7 40. Rd8 Ref6 41. Re1 Nxf2 42. Kh2 Qf5 43. g4 Qf3 44. Qe3 Nxg4+ 0-1

[Event "Bassano del Grappa GM Mix 2nd"]
[Site "Bassano del Grappa"]
[Date "2021.03.26"]
[Round "5"]
[White "Tomazini, Zan"]
[Black "Pasini, Nicolo"]
[Result "1-0"]
[WhiteElo "2416"]
[BlackElo "2220"]
[PlyCount "76"]
[EventDate "2021.03.24"]
[EventType "swiss"]
[EventRounds "9"]
[EventCountry "ITA"]
[SourceTitle "CBM 201 Extra"]
[Source "ChessBase"]
[SourceDate "2021.05.31"]
[SourceVersion "1"]
[SourceVersionDate "2021.05.31"]
[SourceQuality "1"]

1. e4 c5 2. c3 Nf6 3. e5 Nd5 4. d4 cxd4 5. Nf3 Nc6 6. Bc4 Nb6 7. Bb3 d5 8. cxd4 Bg4 9. Be3 e6 10. 0-0 Be7 11. Nc3 Rc8 12. h3 Bh5 13. Rc1 Na5 14. Ba4+ Nxa4 15. Qxa4+ Nc6 16. Ne1 Bg6 17. g4 h5 18. Ng2 hxg4 19. hxg4 Qd7 20. Nf4 Bh7 21. Nh5 Bf8 22. Kg2 Bg6 23. Nf4 Bb4 24. Nce2 Bf8 25. Nxg6 fxg6 26. Nf4 Kf7 27. Qc2 Ne7 28. Qd3 Rc6 29. b4 Rc4 30. Rxc4 dxc4 31. Qxc4 Nd5 32. Rc1 Bxb4 33. Nxd5 exd5 34. Qc7 Ke6 35. Qxd7+ Kxd7 36. Rb1 a5 37. a3 Bxa3 38. Rxb7+ Kc6 1-0

[Event "Budapest FS10 GM"]
[Site "Budapest"]
[Date "2020.10.10"]
[Round "7"]
[White "Pasti, Aron"]
[Black "Tomazini, Zan"]
[Result "0-1"]
[WhiteElo "2302"]
[BlackElo "2413"]
[PlyCount "62"]
[EventDate "2020.10.03"]
[EventType "tourn"]
[EventRounds "9"]
[EventCountry "HUN"]
[EventCategory "7"]
[SourceTitle "EXT 2022"]
[Source "ChessBase"]
[SourceDate "2021.10.06"]
[SourceVersion "1"]
[SourceVersionDate "2021.10.06"]
[SourceQuality "1"]

1. e4 e5 2. Nf3 Nc6 3. Bb5 a6 4. Ba4 Nge7 5. c3 d5 6. Nxe5 b5 7. Nxc6 Nxc6 8. exd5 Qxd5 9. Bc2 Bb7 10. 0-0 0-0-0 11. Qg4+ Kb8 12. Be4 h5 13. Qf5 Qxf5 14. Bxf5 Ne7 15. Bc2 h4 16. d4 h3 17. g3 Nd5 18. Nd2 c5 19. dxc5 Bxc5 20. Nb3 Bb6 21. Bd2 g6 22. Rad1 f5 23. Bg5 Rc8 24. Bd3 Rh5 25. Bc1 Rhh8 26. Be2 Rce8 27. Rde1 f4 28. Bf3 Rxe1 29. Rxe1 fxg3 30. hxg3 Rf8 31. Nd2 Nc7 0-1

[Event "Budapest FS10 GM"]
[Site "Budapest"]
[Date "2020.10.05"]
[Round "3"]
[White "Mendonca, Leon Luke"]
[Black "Tomazini, Zan"]
[Result "1/2-1/2"]
[WhiteElo "2499"]
[BlackElo "2413"]
[PlyCount "107"]
[EventDate "2020.10.03"]
[EventType "tourn"]
[EventRounds "9"]
[EventCountry "HUN"]
[EventCategory "7"]
[SourceTitle "EXT 2022"]
[Source "ChessBase"]
[SourceDate "2021.10.06"]
[SourceVersion "1"]
[SourceVersionDate "2021.10.06"]
[SourceQuality "1"]

1. d4 Nf6 2. c4 g6 3. Nc3 Bg7 4. e4 d6 5. h3 0-0 6. Be3 Nc6 7. d5 Ne5 8. Be2 e6 9. Nf3 Nxf3+ 10. Bxf3 Nd7 11. Qd2 f5 12. exf5 exf5 13. 0-0 Qh4 14. Bf4 Be5 15. Bg5 Qxc4 16. Be2 Bxc3 17. bxc3 Qa4 18. c4 Nc5 19. Be3 b6 20. Bd4 Ba6 21. Bb2 Ne4 22. Qd4 Nf6 23. Rfe1 Qd7 24. Bf3 Rae8 25. Bc3 Bc8 26. Rxe8 Qxe8 27. Re1 Qf7 28. h4 Bd7 29. g3 Kg7 30. Kg2 Re8 31. Rh1 h6 32. Qf4 Kh7 33. Bd2 Qg7 34. Re1 Rxe1 35. Bxe1 Ng4 36. Bd2 Qe5 37. Bxg4 Qxf4 38. Bxf4 fxg4 39. Kf1 b5 40. c5 dxc5 41. Bxc7 Kg7 42. Bd6 c4 43. Bb4 Kf6 44. Ke2 Ke5 45. d6 Kd4 46. Kd2 Bf5 47. a3 a6 48. Ba5 Kc5 49. Bb4+ Kb6 50. Bc3 a5 51. Kc1 Bd7 52. Kd2 Kc5 53. Bxa5 Kxd6 54. Bc3 1/2-1/2

[Event "Graz op-A"]
[Site "Graz"]
[Date "2020.02.20"]
[Round "8"]
[White "Regez, Markus"]
[Black "Tomazini, Zan"]
[Result "0-1"]
[WhiteElo "2144"]
[BlackElo "2386"]
[PlyCount "80"]
[EventDate "2020.02.14"]
[EventType "swiss"]
[EventRounds "9"]
[EventCountry "AUT"]
[SourceTitle "CBM 195 Extra"]
[Source "ChessBase"]
[SourceDate "2020.05.31"]
[SourceVersion "1"]
[SourceVersionDate "2020.05.31"]
[SourceQuality "1"]

1. d4 Nf6 2. Nc3 d5 3. Bg5 h6 4. Bxf6 exf6 5. e3 Bb4 6. Nge2 c6 7. a3 Ba5 8. g3 Bg4 9. Bg2 Bxc3+ 10. bxc3 Qa5 11. 0-0 0-0 12. f3 Bf5 13. c4 dxc4 14. e4 Bc8 15. a4 Rd8 16. c3 Nd7 17. Qc2 Nb6 18. Nf4 Bd7 19. Kh1 c5 20. dxc5 Nxa4 21. Nd5 b5 22. cxb6 axb6 23. f4 Qc5 24. Nb4 b5 25. e5 Rac8 26. exf6 Bf5 27. Qc1 gxf6 28. Ra2 Kg7 29. h3 Re8 30. Re1 Rcd8 31. g4 Bd3 32. Bf3 Qc7 33. Rxe8 Rxe8 34. Nd5 Qc6 35. Rg2 Nb6 36. g5 Nxd5 37. gxh6+ Kh8 38. Qg1 Qe6 39. Kh2 Nxf4 40. Rg4 Ng6 0-1

[Event "Graz op-A"]
[Site "Graz"]
[Date "2020.02.18"]
[Round "5"]
[White "Tomazini, Zan"]
[Black "Giannoulakis, Labros"]
[Result "0-1"]
[WhiteElo "2386"]
[BlackElo "2266"]
[PlyCount "160"]
[EventDate "2020.02.14"]
[EventType "swiss"]
[EventRounds "9"]
[EventCountry "AUT"]
[SourceTitle "CBM 195 Extra"]
[Source "ChessBase"]
[SourceDate "2020.05.31"]
[SourceVersion "1"]
[SourceVersionDate "2020.05.31"]
[SourceQuality "1"]

1. e4 e5 2. Nf3 Nc6 3. Bb5 a6 4. Ba4 Nf6 5. d3 d6 6. c4 Be7 7. Nc3 0-0 8. h3 Nd4 9. Nxd4 exd4 10. Ne2 c5 11. g4 Ne8 12. Ng3 Nc7 13. Rg1 b5 14. Bc2 Re8 15. Nf5 bxc4 16. dxc4 Bb7 17. Kf1 Bf8 18. Qf3 Qd7 19. Ng3 Re6 20. Bd2 Rae8 21. Re1 g6 22. h4 Bg7 23. h5 Kh8 24. Rh1 Be5 25. Ne2 Kg8 26. Qh3 Bc6 27. Bd3 Bh8 28. Nf4 g5 29. Nxe6 Nxe6 30. f4 Nxf4 31. Bxf4 gxf4 32. Qf3 Be5 33. g5 Qe6 34. Re2 Kg7 35. Rg2 Rh8 36. Rh4 Bd7 37. Be2 Kf8 38. Qa3 Bc6 39. Qd3 Rg8 40. Rh1 Qe7 41. Rhg1 Qb7 42. Bf3 Ke7 43. Re2 a5 44. Rgg2 Qb4 45. Re1 Bd7 46. a3 Qb7 47. Bd1 Qc8 48. Rg1 Bh3+ 49. Kf2 Be6 50. Be2 Qb7 51. Rb1 Rb8 52. b3 Rg8 53. Rg2 Bd7 54. Bf3 Bc6 55. Rh1 Rg7 56. Rh4 a4 57. bxa4 Qb2+ 58. Be2 Bxa4 59. Kg1 Qc1+ 60. Bf1 Qe3+ 61. Qxe3 dxe3 62. Be2 Rg8 63. g6 fxg6 64. hxg6 hxg6 65. Rh7+ Kf6 66. Ra7 Bc6 67. Bf3 Rb8 68. Ra2 Rb1+ 69. Kg2 Be8 70. a4 Bd4 71. Be2 Bc6 72. Kf3 g5 73. Bd3 Rh1 74. Ra6 Rh3+ 75. Kg2 g4 76. Kf1 f3 77. Ke1 Rh1+ 78. Bf1 Bc3+ 79. Kd1 e2+ 80. Rxe2 Rxf1+ 0-1

[Event "Graz op-A"]
[Site "Graz"]
[Date "2020.02.14"]
[Round "1"]
[White "Zoernpfenning, Siegfried"]
[Black "Tomazini, Zan"]
[Result "0-1"]
[WhiteElo "2094"]
[BlackElo "2386"]
[PlyCount "64"]
[EventDate "2020.02.14"]
[EventType "swiss"]
[EventRounds "9"]
[EventCountry "AUT"]
[SourceTitle "CBM 195 Extra"]
[Source "ChessBase"]
[SourceDate "2020.05.31"]
[SourceVersion "1"]
[SourceVersionDate "2020.05.31"]
[SourceQuality "1"]

1. d4 Nf6 2. Bf4 g6 3. Nf3 Bg7 4. Nc3 d6 5. Qd2 h6 6. e4 e6 7. h3 b6 8. Bb5+ Kf8 9. e5 dxe5 10. Nxe5 Bb7 11. 0-0 Nd5 12. Be2 Nxf4 13. Qxf4 Qf6 14. Qe3 Kg8 15. Ne4 Qe7 16. f4 Nd7 17. Bf3 Rd8 18. Qc3 c5 19. Qa3 Bxe4 20. Bxe4 Qd6 21. Rad1 Nf6 22. Qxa7 Rf8 23. Bf3 cxd4 24. c3 g5 25. cxd4 gxf4 26. Kh1 h5 27. a3 Ng4 28. Nc4 Qd8 29. Bxg4 hxg4 30. Rxf4 gxh3 31. Ne3 hxg2+ 32. Kxg2 Qg5+ 0-1

[Event "Nova Gorica op 25th"]
[Site "Nova Gorica"]
[Date "2020.01.30"]
[Round "9"]
[White "Fercec, Nenad"]
[Black "Tomazini, Zan"]
[Result "0-1"]
[WhiteElo "2423"]
[BlackElo "2385"]
[PlyCount "50"]
[EventDate "2020.01.24"]
[EventType "swiss"]
[EventRounds "9"]
[EventCountry "SLO"]
[SourceTitle "CBM 194"]
[Source "ChessBase"]
[SourceDate "2020.01.27"]
[SourceVersion "1"]
[SourceVersionDate "2020.01.27"]
[SourceQuality "1"]

1. e4 c5 2. Nf3 d6 3. d4 cxd4 4. Qxd4 Bd7 5. Be2 Nc6 6. Qe3 Nf6 7. 0-0 g6 8. h3 Bg7 9. c4 0-0 10. Nc3 Ne8 11. b3 f5 12. exf5 gxf5 13. Bb2 e5 14. Rad1 Kh8 15. c5 f4 16. Qd2 Nd4 17. Ne4 Bc6 18. Nxd4 exd4 19. Nxd6 Nxd6 20. cxd6 f3 21. Bxf3 Bxf3 22. gxf3 Rg8 23. f4 Be5+ 24. Kh1 Qh4 25. f3 Raf8 0-1

[Event "Nova Gorica op 25th"]
[Site "Nova Gorica"]
[Date "2020.01.29"]
[Round "8"]
[White "Tomazini, Zan"]
[Black "Baidetsky, Valentin"]
[Result "1/2-1/2"]
[WhiteElo "2385"]
[BlackElo "2411"]
[PlyCount "179"]
[EventDate "2020.01.24"]
[EventType "swiss"]
[EventRounds "9"]
[EventCountry "SLO"]
[SourceTitle "CBM 194"]
[Source "ChessBase"]
[SourceDate "2020.01.27"]
[SourceVersion "1"]
[SourceVersionDate "2020.01.27"]
[SourceQuality "1"]

1. d4 Nf6 2. c4 c5 3. d5 g6 4. Nc3 Bg7 5. e4 d6 6. Nge2 0-0 7. Ng3 e6 8. Be2 exd5 9. cxd5 a6 10. a4 Nbd7 11. 0-0 h5 12. Bg5 Qb6 13. Qc1 Re8 14. Re1 Nh7 15. a5 Qc7 16. Bh6 Bh8 17. Ra3 Ndf6 18. f3 b5 19. axb6 Qxb6 20. Nf1 Nd7 21. Ne3 Qc7 22. Nc4 Ne5 23. Nxe5 Bxe5 24. Bf4 Qe7 25. Bb5 Rf8 26. Bxe5 Qxe5 27. f4 Qd4+ 28. Qe3 Rb8 29. Bxa6 Rxb2 30. e5 Bxa6 31. Rxa6 dxe5 32. fxe5 Re8 33. Qxd4 cxd4 34. Na4 Rb5 35. d6 Nf8 36. Nb6 Kg7 37. Rd1 Rbxe5 38. d7 Rd8 39. Rxd4 Re7 40. Ra7 f6 41. Rc7 Kf7 42. Rc8 Nxd7 43. Rxd8 Nxb6 44. Rb4 Nd7 45. h3 Ne5 46. Rbb8 Ke6 47. Ra8 Kf5 48. Rf8 Re6 49. Rh8 Rd6 50. Ra1 Rc6 51. Rf1+ Kg5 52. Kh2 h4 53. Ra1 Rc2 54. Kg1 Rc4 55. Rf8 Rc6 56. Rf1 Rb6 57. Rd1 Ra6 58. Rfd8 Ra2 59. R8d4 Rc2 60. Rf1 Ra2 61. Rd6 f5 62. Re1 Ra5 63. Re6 Nd3 64. Rf1 Nf4 65. Re8 Ra2 66. Rf2 Ra1+ 67. Rf1 Ra2 68. Rf2 Ra1+ 69. Kh2 Nh5 70. Rfe2 Ng3 71. Re1 Ra2 72. Rb8 Ne2 73. Reb1 Nf4 74. R8b2 Ra3 75. Rb3 Ra4 76. Rb4 Ra3 77. R1b3 Ra2 78. Rb2 Ra1 79. Rb1 Ra2 80. R4b2 Ra3 81. Kg1 Rc3 82. Ra1 Rd3 83. Rba2 Rb3 84. Ra3 Rb4 85. Ra4 Rb3 86. R1a2 Rc3 87. R4a3 Rc4 88. Kf2 Nh5 89. Ra4 Rc3 90. R4a3 1/2-1/2

[Event "Nova Gorica op 25th"]
[Site "Nova Gorica"]
[Date "2020.01.27"]
[Round "6"]
[White "Tomazini, Zan"]
[Black "Cvitan, Ognjen"]
[Result "1/2-1/2"]
[WhiteElo "2385"]
[BlackElo "2472"]
[PlyCount "78"]
[EventDate "2020.01.24"]
[EventType "swiss"]
[EventRounds "9"]
[EventCountry "SLO"]
[SourceTitle "CBM 194"]
[Source "ChessBase"]
[SourceDate "2020.01.27"]
[SourceVersion "1"]
[SourceVersionDate "2020.01.27"]
[SourceQuality "1"]

1. e4 c5 2. Nf3 d6 3. c3 Nf6 4. Bd3 Nc6 5. Bc2 Bg4 6. h3 Bh5 7. d3 e6 8. Nbd2 d5 9. Qe2 Be7 10. Nf1 Qa5 11. Bd2 Qb6 12. Rb1 Qa6 13. a3 dxe4 14. dxe4 Qxe2+ 15. Kxe2 Bg6 16. Ng3 h6 17. Be3 Bd6 18. Nd2 Bxg3 19. fxg3 b6 20. Rbc1 Ke7 21. g4 Nd7 22. b4 Rac8 23. Bd3 Nce5 24. Ba6 Rc7 25. Bf4 f6 26. Ke3 Nb8 27. Be2 cxb4 28. cxb4 Rhc8 29. Rxc7+ Rxc7 30. Bxe5 fxe5 31. Nc4 Nd7 32. Rd1 Nf6 33. Nxe5 Bxe4 34. Bf3 Rc3+ 35. Kd4 Bxf3 36. Ra1 Rc2 37. gxf3 Nd5 38. h4 Kf6 39. Nd7+ Ke7 1/2-1/2

[Event "Nova Gorica op 25th"]
[Site "Nova Gorica"]
[Date "2020.01.26"]
[Round "4"]
[White "Tomazini, Zan"]
[Black "Ciric, Pavle"]
[Result "1-0"]
[WhiteElo "2385"]
[BlackElo "2027"]
[PlyCount "119"]
[EventDate "2020.01.24"]
[EventType "swiss"]
[EventRounds "9"]
[EventCountry "SLO"]
[SourceTitle "CBM 194"]
[Source "ChessBase"]
[SourceDate "2020.01.27"]
[SourceVersion "1"]
[SourceVersionDate "2020.01.27"]
[SourceQuality "1"]

1. e4 e6 2. d4 d5 3. Nd2 c5 4. Ngf3 Nf6 5. e5 Nfd7 6. c3 Nc6 7. Bd3 Qb6 8. 0-0 cxd4 9. cxd4 Nxd4 10. Nxd4 Qxd4 11. Nf3 Qb6 12. Qc2 Be7 13. Bxh7 Nf8 14. Bd3 Bd7 15. Be3 Qd8 16. Rac1 Bc6 17. Nd4 Rc8 18. Nxc6 bxc6 19. Bb5 Ng6 20. Bxc6+ Kf8 21. f4 Nh4 22. Qa4 Nf5 23. Bxa7 Kg8 24. Bb7 Rc7 25. Rxc7 Qxc7 26. Qc6 Qa5 27. Bf2 Qb4 28. Qc8+ Kh7 29. Qc2 Qxf4 30. Bxd5 Qxe5 31. Be4 g6 32. Bxf5 exf5 33. Re1 Qf6 34. Bg3 Qd4+ 35. Bf2 Qf6 36. Qc4 Rd8 37. b4 Kg7 38. a4 Qd6 39. b5 Bf6 40. a5 Be5 41. h3 f4 42. Qc5 Qxc5 43. Bxc5 Bc3 44. Rb1 Bxa5 45. b6 Bc3 46. b7 Be5 47. Ba7 Bb8 48. Bxb8 Rxb8 49. Kf2 g5 50. Kf3 f6 51. Ke4 Kf7 52. Kf5 Ke7 53. Rb6 Kd8 54. Kxf6 Kc7 55. Rb2 Rf8+ 56. Kxg5 Kb8 57. Kg4 Rf7 58. Kf3 Rf8 59. Rb4 Rg8 60. Rxf4 1-0